00619nam a22001697a 450000500170000001000130001702000260003003500110005603700130006708200110008010000420009124501050013324600800023826000510031827000570036930000230042620211109142518.0 aUR-11314 c230.00a9789390789573 aU-9869 bDBAD/PUB a843.08 aسيد سہيل ا حمد ہا شمی aمنٹو کے منتخب ا فسا نو ں کا تجز يہ cسيد سہيل ا حمد ہا شمی aManto Ke Muntakabh Afsanown Ka Tajazia (Urdu)bby Syed Sohail Ahmed Hashmi  aN.Delhic2021 ءbEducational Publishing House aD1/16,Ansari Road,Darya Ganj,bNew Delhie110002l - a188 ص c22 Cm(Hb)